[Event "Stay Safe Play From Home 288"]
[Site "Emanuel Lasker Arena"]
[Date "2020.07.08"]
[Round "2"]
[White "Timbre"]
[Black "yashjain14"]
[Result "1-0"]
[WhiteElo "1564"]
[BlackElo "1172"]
[Annotator "NA"]
[PlyCount "47"]
[EventDate "2020.07.08"]
[EventType "swiss (blitz)"]

1. d4 {[%emt 0:00:08]} d5 {[%emt 0:00:02]} 2. Nf3 {[%emt 0:00:01]} Nc6 {[%emt 0:00:02]} 3. c3 {[%emt 0:00:02]} Nf6 {[%emt 0:00:01]} 4. Bf4 {[%emt 0:00:01]} e5 {[%emt 0:00:04]} 5. dxe5 {[%emt 0:00:03]} Ne4 {[%emt 0:00:02]} 6. e3 {[%emt 0:00:02]} Bc5 {[%emt 0:00:04]} 7. Nbd2 {[%emt 0:00:03]} Bg4 {[%emt 0:00:11]} 8. Be2 {[%emt 0:00:04]} O-O {[%emt 0:00:06]} 9. Nxe4 {[%emt 0:00:04]} dxe4 {[%emt 0:00:02]} 10. Nd2 {[%emt 0:00:01]} Bxe2 {[%emt 0:00:04]} 11. Qxe2 {[%emt 0:00:02]} Re8 {[%emt 0:00:02]} 12. Nxe4 {[%emt 0:00:05]} Nxe5 {[%emt 0:00:03]} 13. Nxc5 {[%emt 0:00:07]} Nc6 {[%emt 0:00:12]} 14. O-O {[%emt 0:00:03]} Qd5 {[%emt 0:00:09]} 15. Nb3 {[%emt 0:00:04]} Ne5 {[%emt 0:00:09]} 16. Bxe5 {[%emt 0:00:05]} Qxe5 {[%emt 0:00:04]} 17. Rad1 {[%emt 0:00:05]} b6 {[%emt 0:00:06]} 18. h3 {[%emt 0:00:03]} c5 {[%emt 0:00:02]} 19. Rd2 {[%emt 0:00:05]} g6 {[%emt 0:00:01]} 20. Rfd1 {[%emt 0:00:02]} f5 {[%emt 0:00:01]} 21. Rd5 {[%emt 0:00:05]} Qf6 {[%emt 0:00:04]} 22. Qc4 {[%emt 0:00:03]} Kf8 {[%emt 0:00:16]} 23. Rd7 {[%emt 0:00:10]} Qh8 {[%emt 0:00:08]} 24. Qf7# {[%emt 0:00:05] (Lag: Av=1.03s, max=2.6s)} 1-0

[Event "Stay Safe Play From Home 288"]
[Site "Emanuel Lasker Arena"]
[Date "2020.07.08"]
[Round "2"]
[White "Erdema"]
[Black "W Nelles"]
[Result "0-1"]
[WhiteElo "1484"]
[BlackElo "1286"]
[Annotator "NA"]
[PlyCount "126"]
[EventDate "2020.07.08"]
[EventType "swiss (blitz)"]

1. e4 {[%emt 0:00:02]} e5 {[%emt 0:00:03]} 2. Nf3 {[%emt 0:00:02]} Nc6 {[%emt 0:00:02]} 3. Bc4 {[%emt 0:00:01]} Bc5 {[%emt 0:00:03]} 4. d3 {[%emt 0:00:01]} d6 {[%emt 0:00:01]} 5. Ng5 {[%emt 0:00:02]} Nh6 {[%emt 0:00:05]} 6. Nf3 {[%emt 0:00:07]} Ng4 {[%emt 0:00:05]} 7. O-O {[%emt 0:00:03]} h6 {[%emt 0:00:08]} 8. h3 {[%emt 0:00:02]} Nxf2 {[%emt 0:00:03]} 9. Rxf2 {[%emt 0:00:02]} Bxf2+ {[%emt 0:00:01]} 10. Kxf2 {[%emt 0:00:01]} Nd4 {[%emt 0:00:01]} 11. Nxd4 {[%emt 0:00:02]} exd4 {[%emt 0:00:01]} 12. c3 {[%emt 0:00:02]} c5 {[%emt 0:00:04]} 13. cxd4 {[%emt 0:00:06]} cxd4 {[%emt 0:00:01]} 14. Qh5 {[%emt 0:00:02]} Qf6+ {[%emt 0:00:05]} 15. Qf3 {[%emt 0:00:02]} Qxf3+ {[%emt 0:00:01]} 16. Kxf3 {[%emt 0:00:01]} O-O {[%emt 0:00:02]} 17. Na3 {[%emt 0:00:02]} Be6 {[%emt 0:00:01]} 18. Nb5 {[%emt 0:00:06]} Bxc4 {[%emt 0:00:04]} 19. dxc4 {[%emt 0:00:01]} f5 {[%emt 0:00:08]} 20. Nxd4 {[%emt 0:00:05]} fxe4+ {[%emt 0:00:02]} 21. Kxe4 {[%emt 0:00:01]} Rae8+ {[%emt 0:00:04]} 22. Kd3 {[%emt 0:00:02]} Rf2 {[%emt 0:00:03]} 23. g4 {[%emt 0:00:06]} Re1 {[%emt 0:00:11]} 24. b3 {[%emt 0:00:20]} Rd1+ {[%emt 0:00:14]} 25. Kc3 {[%emt 0:00:06]} Rh1 {[%emt 0:00:10]} 26. Bb2 {[%emt 0:00:04]} Rxh3+ {[%emt 0:00:03]} 27. Kb4 {[%emt 0:00:10]} Rxb2 {[%emt 0:00:02]} 28. Ka3 {[%emt 0:00:02]} Rd2 {[%emt 0:00:06]} 29. Nf5 {[%emt 0:00:03]} d5 {[%emt 0:00:11]} 30. Ne7+ {[%emt 0:00:03]} Kf7 {[%emt 0:00:04]} 31. Nxd5 {[%emt 0:00:02]} Rxd5 {[%emt 0:00:13]} 32. cxd5 {[%emt 0:00:03]} Ke7 {[%emt 0:00:01]} 33. Rd1 {[%emt 0:00:03]} Kd6 {[%emt 0:00:01]} 34. Rd4 {[%emt 0:00:04]} g5 {[%emt 0:00:03]} 35. Kb4 {[%emt 0:00:05]} a6 {[%emt 0:00:03]} 36. a4 {[%emt 0:00:02]} Rf3 {[%emt 0:00:06]} 37. Ka3 {[%emt 0:00:08]} Rf4 {[%emt 0:00:02]} 38. Rd1 {[%emt 0:00:07]} Rxg4 {[%emt 0:00:02]} 39. Rh1 {[%emt 0:00:02]} Rh4 {[%emt 0:00:02]} 40. Rf1 {[%emt 0:00:03]} Kxd5 {[%emt 0:00:11]} 41. Rf7 {[%emt 0:00:02]} Kc6 {[%emt 0:00:04]} 42. Rf6+ {[%emt 0:00:02]} Kc7 {[%emt 0:00:01]} 43. a5 {[%emt 0:00:05]} Rh3 {[%emt 0:00:08]} 44. Rg6 {[%emt 0:00:04]} Rh4 {[%emt 0:00:07]} 45. Rg7+ {[%emt 0:00:22]} Kb8 {[%emt 0:00:02]} 46. Rg6 {[%emt 0:00:03]} g4 {[%emt 0:00:03]} 47. Kb2 {[%emt 0:00:02]} h5 {[%emt 0:00:03]} 48. Rg5 {[%emt 0:00:04]} Rh3 {[%emt 0:00:08]} 49. Kc2 {[%emt 0:00:08]} g3 {[%emt 0:00:05]} 50. Kd3 {[%emt 0:00:03]} g2+ {[%emt 0:00:04]} 51. Ke2 {[%emt 0:00:02]} Rxb3 {[%emt 0:00:04]} 52. Rxg2 {[%emt 0:00:04]} Rb2+ {[%emt 0:00:01]} 53. Kf3 {[%emt 0:00:01]} Rxg2 {[%emt 0:00:01]} 54. Kxg2 {[%emt 0:00:01]} Kc7 {[%emt 0:00:01]} 55. Kg3 {[%emt 0:00:01]} Kc6 {[%emt 0:00:01]} 56. Kh4 {[%emt 0:00:01]} Kb5 {[%emt 0:00:01]} 57. Kxh5 {[%emt 0:00:01]} Kxa5 {[%emt 0:00:01]} 58. Kg4 {[%emt 0:00:01]} Kb4 {[%emt 0:00:01]} 59. Kf3 {[%emt 0:00:01]} Kb3 {[%emt 0:00:01]} 60. Ke2 {[%emt 0:00:01]} a5 {[%emt 0:00:01]} 61. Kd1 {[%emt 0:00:01]} Kb2 {[%emt 0:00:01]} 62. Kd2 {[%emt 0:00:01]} a4 {[%emt 0:00:01]} 63. Kd3 {[%emt 0:00:02]} a3 {[%emt 0:00:01] Erdema terk eder (Lag: Av=0.70s, max=1.0s)} 0-1

[Event "Stay Safe Play From Home 288"]
[Site "Emanuel Lasker Arena"]
[Date "2020.07.08"]
[Round "2"]
[White "Mandy"]
[Black "VotaryRoma"]
[Result "0-1"]
[WhiteElo "969"]
[BlackElo "1851"]
[Annotator "NA"]
[PlyCount "70"]
[EventDate "2020.07.08"]
[EventType "swiss (blitz)"]

1. d4 {[%emt 0:00:04]} Nf6 {[%emt 0:00:02]} 2. Bf4 {[%emt 0:00:01]} g6 {[%emt 0:00:00]} 3. e3 {[%emt 0:00:01]} d5 {[%emt 0:00:05]} 4. Nf3 {[%emt 0:00:01]} Bg7 {[%emt 0:00:00]} 5. h3 {[%emt 0:00:01]} O-O {[%emt 0:00:00]} 6. Bd3 {[%emt 0:00:01]} c5 {[%emt 0:00:13]} 7. c3 {[%emt 0:00:02]} Nc6 {[%emt 0:00:01]} 8. O-O {[%emt 0:00:01]} Re8 {[%emt 0:00:05]} 9. Qe2 {[%emt 0:00:04]} c4 {[%emt 0:00:04]} 10. Bc2 {[%emt 0:00:11]} b5 {[%emt 0:00:03]} 11. Nbd2 {[%emt 0:00:02]} a5 {[%emt 0:00:08]} 12. Rad1 {[%emt 0:00:10]} b4 {[%emt 0:00:02]} 13. Ne5 {[%emt 0:00:22]} Bb7 {[%emt 0:00:02]} 14. Nxc6 {[%emt 0:00:11]} Bxc6 {[%emt 0:00:00]} 15. e4 {[%emt 0:00:11]} e6 {[%emt 0:00:06]} 16. e5 {[%emt 0:00:03]} Nd7 {[%emt 0:00:03]} 17. Nf3 {[%emt 0:00:16]} Qb6 {[%emt 0:00:10]} 18. b3 {[%emt 0:00:18]} cxb3 {[%emt 0:00:03]} 19. Bxb3 {[%emt 0:00:07]} a4 {[%emt 0:00:05]} 20. Bc2 {[%emt 0:00:14]} b3 {[%emt 0:00:04]} 21. axb3 {[%emt 0:00:08]} axb3 {[%emt 0:00:00]} 22. Bb1 {[%emt 0:00:13]} Bb5 {[%emt 0:00:04]} 23. Qb2 {[%emt 0:00:06]} Bxf1 {[%emt 0:00:05]} 24. Kxf1 {[%emt 0:00:10]} Qb5+ {[%emt 0:00:01]} 25. Kg1 {[%emt 0:00:03]} Nb6 {[%emt 0:00:01]} 26. Nd2 {[%emt 0:00:03]} Na4 {[%emt 0:00:08]} 27. Qxb3 {[%emt 0:00:02]} Qxb3 {[%emt 0:00:02]} 28. Nxb3 {[%emt 0:00:03]} Nxc3 {[%emt 0:00:00]} 29. Rc1 {[%emt 0:00:04]} Ne2+ {[%emt 0:00:02]} 30. Kh2 {[%emt 0:00:04]} Nxc1 {[%emt 0:00:01]} 31. Bxc1 {[%emt 0:00:04]} Reb8 {[%emt 0:00:02]} 32. f4 {[%emt 0:00:19]} Rxb3 {[%emt 0:00:07]} 33. Bc2 {[%emt 0:00:02]} Rc3 {[%emt 0:00:02]} 34. g3 {[%emt 0:00:12]} Rxc2+ {[%emt 0:00:02]} 35. Kg1 {[%emt 0:00:04]} Ra1 {[%emt 0:00:00] Mandy gibt auf (Lag: Av=0.45s, max=1.2s)} 0-1

[Event "Stay Safe Play From Home 288"]
[Site "Emanuel Lasker Arena"]
[Date "2020.07.08"]
[Round "3"]
[White "Lazieri3"]
[Black "VotaryRoma"]
[Result "1-0"]
[WhiteElo "2071"]
[BlackElo "1851"]
[PlyCount "39"]
[EventDate "2020.07.08"]
[EventType "swiss (blitz)"]

1. e4 {[%emt 0:00:02]} c5 {[%emt 0:00:12]} 2. Nc3 {[%emt 0:00:01]} Nc6 {[%emt 0:00:04]} 3. Nf3 {[%emt 0:00:01]} g6 {[%emt 0:00:02]} 4. d3 {[%emt 0:00:01]} Bg7 {[%emt 0:00:02]} 5. Be3 {[%emt 0:00:01]} d6 {[%emt 0:00:03]} 6. Qd2 {[%emt 0:00:01]} Rb8 {[%emt 0:00:12]} 7. a4 {[%emt 0:00:03]} a6 {[%emt 0:00:02]} 8. Be2 {[%emt 0:00:04]} b5 {[%emt 0:00:02]} 9. axb5 {[%emt 0:00:00]} axb5 {[%emt 0:00:01]} 10. Nd1 {[%emt 0:00:06]} e6 {[%emt 0:00:03]} 11. c3 {[%emt 0:00:01]} Nf6 {[%emt 0:00:09]} 12. Bh6 {[%emt 0:00:02]} O-O {[%emt 0:00:02]} 13. h4 {[%emt 0:00:01]} Kh8 {[%emt 0:00:17]} 14. h5 {[%emt 0:00:05]} Bxh6 {[%emt 0:00:18]} 15. Qxh6 {[%emt 0:00:05]} Rg8 {[%emt 0:00:01]} 16. Ng5 {[%emt 0:00:12]} Rg7 {[%emt 0:00:09]} 17. hxg6 {[%emt 0:00:05]} fxg6 {[%emt 0:00:07]} 18. Ne3 {[%emt 0:00:15]} Ng8 {[%emt 0:00:05]} 19. Qxh7+ {[%emt 0:00:05]} Rxh7 {[%emt 0:00:03]} 20. Rxh7# {[%emt 0:00:00] (Lag: Av=0.59s, max=2.1s)} 1-0

[Event "Stay Safe Play From Home 288"]
[Site "Emanuel Lasker Arena"]
[Date "2020.07.08"]
[Round "3"]
[White "Greblah"]
[Black "Position"]
[Result "0-1"]
[WhiteElo "2015"]
[BlackElo "2007"]
[PlyCount "106"]
[EventDate "2020.07.08"]
[EventType "swiss (blitz)"]

1. e4 {[%emt 0:00:01]} c5 {[%emt 0:00:01]} 2. Nc3 {[%emt 0:00:02]} Nc6 {[%emt 0:00:01]} 3. g3 {[%emt 0:00:01]} d6 {[%emt 0:00:01]} 4. Bg2 {[%emt 0:00:00]} e5 {[%emt 0:00:01]} 5. d3 {[%emt 0:00:01]} Nf6 {[%emt 0:00:01]} 6. Be3 {[%emt 0:00:01]} Be6 {[%emt 0:00:01]} 7. h3 {[%emt 0:00:03]} Be7 {[%emt 0:00:01]} 8. Qd2 {[%emt 0:00:01]} O-O {[%emt 0:00:02]} 9. Nge2 {[%emt 0:00:02]} Nd4 {[%emt 0:00:01]} 10. Nd1 {[%emt 0:00:09]} b5 {[%emt 0:00:03]} 11. c3 {[%emt 0:00:01]} Nxe2 {[%emt 0:00:02]} 12. Qxe2 {[%emt 0:00:01]} Rb8 {[%emt 0:00:02]} 13. O-O {[%emt 0:00:02]} a5 {[%emt 0:00:01]} 14. f4 {[%emt 0:00:02]} b4 {[%emt 0:00:17]} 15. f5 {[%emt 0:00:04]} Bd7 {[%emt 0:00:01]} 16. c4 {[%emt 0:00:01]} a4 {[%emt 0:00:02]} 17. g4 {[%emt 0:00:03]} h6 {[%emt 0:00:01]} 18. g5 {[%emt 0:00:01]} hxg5 {[%emt 0:00:02]} 19. Bxg5 {[%emt 0:00:01]} Nh7 {[%emt 0:00:04]} 20. Bxe7 {[%emt 0:00:14]} Qxe7 {[%emt 0:00:00]} 21. Ne3 {[%emt 0:00:01]} Bc6 {[%emt 0:00:01]} 22. Qh5 {[%emt 0:00:19]} Qg5 {[%emt 0:00:05]} 23. Qxg5 {[%emt 0:00:04]} Nxg5 {[%emt 0:00:00]} 24. h4 {[%emt 0:00:05]} Nh7 {[%emt 0:00:02]} 25. Bh3 {[%emt 0:00:06]} Nf6 {[%emt 0:00:01]} 26. Kh2 {[%emt 0:00:13]} Kh7 {[%emt 0:00:04]} 27. Rf3 {[%emt 0:00:08]} Rh8 {[%emt 0:00:01]} 28. Rg1 {[%emt 0:00:09]} Kg8 {[%emt 0:00:02]} 29. Rfg3 {[%emt 0:00:07]} Rh7 {[%emt 0:00:01]} 30. Ng4 {[%emt 0:00:07]} Nxg4+ {[%emt 0:00:03]} 31. Rxg4 {[%emt 0:00:01]} f6 {[%emt 0:00:04]} 32. Bf1 {[%emt 0:00:11]} Kf7 {[%emt 0:00:02]} 33. Kg3 {[%emt 0:00:09]} Rbh8 {[%emt 0:00:03]} 34. Rh1 {[%emt 0:00:02]} Kf8 {[%emt 0:00:01]} 35. Kf2 {[%emt 0:00:20]} Be8 {[%emt 0:00:06]} 36. Rh2 {[%emt 0:00:10]} Bh5 {[%emt 0:00:03]} 37. Rg3 {[%emt 0:00:01]} Rh6 {[%emt 0:00:07]} 38. Rhg2 {[%emt 0:00:12]} R8h7 {[%emt 0:00:03]} 39. Rh2 {[%emt 0:00:01]} Bd1 {[%emt 0:00:24]} 40. Rgh3 {[%emt 0:00:07]} Bg4 {[%emt 0:00:02]} 41. Rg3 {[%emt 0:00:04]} Rxh4 {[%emt 0:00:02]} 42. Rxh4 {[%emt 0:00:02]} Rxh4 {[%emt 0:00:00]} 43. Bg2 {[%emt 0:00:04]} a3 {[%emt 0:00:15]} 44. bxa3 {[%emt 0:00:10]} bxa3 {[%emt 0:00:00]} 45. Ke1 {[%emt 0:00:05]} Bh5 {[%emt 0:00:10]} 46. Kd2 {[%emt 0:00:13]} Rf4 {[%emt 0:00:10]} 47. Kc3 {[%emt 0:00:02]} Bd1 {[%emt 0:00:07]} 48. Rh3 {[%emt 0:00:11]} Rf2 {[%emt 0:00:02]} 49. d4 {[%emt 0:00:09]} exd4+ {[%emt 0:00:04]} 50. Kd3 {[%emt 0:00:02]} Rxg2 {[%emt 0:00:01]} 51. Rh8+ {[%emt 0:00:02]} Kf7 {[%emt 0:00:01]} 52. Rd8 {[%emt 0:00:02]} Ke7 {[%emt 0:00:02]} 53. Rg8 {[%emt 0:00:01]} Bc2# {[%emt 0:00:07] (Lag: Av=0.90s, max=2.5s)} 0-1

[Event "Stay Safe Play From Home 288"]
[Site "Emanuel Lasker Arena"]
[Date "2020.07.08"]
[Round "3"]
[White "Dukic"]
[Black "Justwatch"]
[Result "1-0"]
[WhiteElo "1854"]
[BlackElo "1516"]
[Annotator "NA"]
[PlyCount "79"]
[EventDate "2020.07.08"]
[EventType "swiss (blitz)"]

1. d4 {[%emt 0:00:11]} Nf6 {[%emt 0:00:00]} 2. c4 {[%emt 0:00:02]} g6 {[%emt 0:00:00]} 3. Nc3 {[%emt 0:00:02]} d6 {[%emt 0:00:00]} 4. Nf3 {[%emt 0:00:01]} Bg4 {[%emt 0:00:00]} 5. Nd2 {[%emt 0:00:03]} Bf3 {[%emt 0:00:00]} 6. gxf3 {[%emt 0:00:06]} Bg7 {[%emt 0:00:00]} 7. e4 {[%emt 0:00:02]} O-O {[%emt 0:00:31]} 8. Bh3 {[%emt 0:00:05]} Nc6 {[%emt 0:00:03]} 9. Nb3 {[%emt 0:00:03]} a6 {[%emt 0:00:02]} 10. Be3 {[%emt 0:00:02]} Nh5 {[%emt 0:00:02]} 11. Qd2 {[%emt 0:00:03]} e6 {[%emt 0:00:02]} 12. O-O-O {[%emt 0:00:07]} a5 {[%emt 0:00:01]} 13. f4 {[%emt 0:00:09]} a4 {[%emt 0:00:06]} 14. Na1 {[%emt 0:00:04]} a3 {[%emt 0:00:03]} 15. b3 {[%emt 0:00:02]} Qh4 {[%emt 0:00:22]} 16. Bg2 {[%emt 0:00:11]} Qg4 {[%emt 0:00:09]} 17. Rhg1 {[%emt 0:00:13]} Qh4 {[%emt 0:00:15]} 18. h3 {[%emt 0:00:03]} Na5 {[%emt 0:00:03]} 19. Nc2 {[%emt 0:00:17]} Nxb3+ {[%emt 0:00:08]} 20. axb3 {[%emt 0:00:05]} a2 {[%emt 0:00:02]} 21. Na1 {[%emt 0:00:03]} Qe7 {[%emt 0:00:07]} 22. Qd3 {[%emt 0:00:13]} c5 {[%emt 0:00:11]} 23. Rd2 {[%emt 0:00:06]} cxd4 {[%emt 0:00:01]} 24. Bxd4 {[%emt 0:00:02]} d5 {[%emt 0:00:02]} 25. Bxg7 {[%emt 0:00:03]} Qa3+ {[%emt 0:00:02]} 26. Kd1 {[%emt 0:00:04]} Kxg7 {[%emt 0:00:03]} 27. Rxa2 {[%emt 0:00:02]} Qxa2 {[%emt 0:00:09]} 28. Nxa2 {[%emt 0:00:02]} Rxa2 {[%emt 0:00:00]} 29. Nc2 {[%emt 0:00:02]} Nxf4 {[%emt 0:00:04]} 30. Qd4+ {[%emt 0:00:04]} f6 {[%emt 0:00:01]} 31. exd5 {[%emt 0:00:03]} e5 {[%emt 0:00:01]} 32. Qb6 {[%emt 0:00:02]} Rfa8 {[%emt 0:00:01]} 33. Qxb7+ {[%emt 0:00:02]} Kh6 {[%emt 0:00:04]} 34. Bf1 {[%emt 0:00:03]} R8a7 {[%emt 0:00:08]} 35. Qb8 {[%emt 0:00:03]} Ra8 {[%emt 0:00:01]} 36. Qd6 {[%emt 0:00:01]} Rb2 {[%emt 0:00:02]} 37. Qxf6 {[%emt 0:00:02]} Raa2 {[%emt 0:00:02]} 38. Qxe5 {[%emt 0:00:02]} Rxc2 {[%emt 0:00:02]} 39. Qxf4+ {[%emt 0:00:01]} g5 {[%emt 0:00:01]} 40. Qxg5# {[%emt 0:00:01] (Lag: Av=0.57s, max=3.3s)} 1-0

[Event "Stay Safe Play From Home 288"]
[Site "Emanuel Lasker Arena"]
[Date "2020.07.08"]
[Round "3"]
[White "Haris kollari 13"]
[Black "Sfantul321"]
[Result "0-1"]
[WhiteElo "1827"]
[BlackElo "1982"]
[Annotator "NA"]
[PlyCount "114"]
[EventDate "2020.07.08"]
[EventType "swiss (blitz)"]

1. e4 {[%emt 0:00:01]} g6 {[%emt 0:00:01]} 2. f4 {[%emt 0:00:01]} Bg7 {[%emt 0:00:01]} 3. Nf3 {[%emt 0:00:01]} d6 {[%emt 0:00:00]} 4. d4 {[%emt 0:00:01]} Bg4 {[%emt 0:00:01]} 5. c3 {[%emt 0:00:01]} Nf6 {[%emt 0:00:02]} 6. Bd3 {[%emt 0:00:02]} O-O {[%emt 0:00:01]} 7. Be3 {[%emt 0:00:01]} Nc6 {[%emt 0:00:02]} 8. Nbd2 {[%emt 0:00:01]} e5 {[%emt 0:00:01]} 9. fxe5 {[%emt 0:00:04]} dxe5 {[%emt 0:00:01]} 10. d5 {[%emt 0:00:01]} Ne7 {[%emt 0:00:02]} 11. h3 {[%emt 0:00:02]} Bxf3 {[%emt 0:00:01]} 12. Qxf3 {[%emt 0:00:01]} Nd7 {[%emt 0:00:00]} 13. O-O-O {[%emt 0:00:02]} f5 {[%emt 0:00:05]} 14. Bg5 {[%emt 0:00:15]} Qe8 {[%emt 0:00:09]} 15. Bxe7 {[%emt 0:00:02]} Qxe7 {[%emt 0:00:01]} 16. exf5 {[%emt 0:00:01]} gxf5 {[%emt 0:00:01]} 17. Bxf5 {[%emt 0:00:06]} Nc5 {[%emt 0:00:12]} 18. g4 {[%emt 0:00:03]} e4 {[%emt 0:00:04]} 19. Qe3 {[%emt 0:00:10]} Rae8 {[%emt 0:00:04]} 20. Kb1 {[%emt 0:00:07]} b6 {[%emt 0:00:05]} 21. Rhe1 {[%emt 0:00:09]} Kh8 {[%emt 0:00:03]} 22. Re2 {[%emt 0:00:02]} Na4 {[%emt 0:00:02]} 23. Rde1 {[%emt 0:00:09]} Nc5 {[%emt 0:00:10]} 24. Nb3 {[%emt 0:00:11]} Na4 {[%emt 0:00:02]} 25. Nd4 {[%emt 0:00:04]} Qc5 {[%emt 0:00:16]} 26. Ne6 {[%emt 0:00:07]} Qb5 {[%emt 0:00:01]} 27. Nxg7 {[%emt 0:00:10]} Kxg7 {[%emt 0:00:01]} 28. Qd4+ {[%emt 0:00:10]} Kh6 {[%emt 0:00:04]} 29. b3 {[%emt 0:00:08]} Nc5 {[%emt 0:00:12]} 30. c4 {[%emt 0:00:10]} Qb4 {[%emt 0:00:06]} 31. Qd2+ {[%emt 0:00:04]} Qxd2 {[%emt 0:00:02]} 32. Rxd2 {[%emt 0:00:01]} Re5 {[%emt 0:00:03]} 33. Rde2 {[%emt 0:00:02]} Rfe8 {[%emt 0:00:01]} 34. Kc2 {[%emt 0:00:07]} Nd3 {[%emt 0:00:07]} 35. Rd1 {[%emt 0:00:07]} Nf4 {[%emt 0:00:01]} 36. Re3 {[%emt 0:00:11]} Kg5 {[%emt 0:00:01]} 37. h4+ {[%emt 0:00:02]} Kxh4 {[%emt 0:00:01]} 38. Kc3 {[%emt 0:00:06]} Kg5 {[%emt 0:00:03]} 39. Kd4 {[%emt 0:00:01]} h6 {[%emt 0:00:12]} 40. Rd2 {[%emt 0:00:03]} c5+ {[%emt 0:00:08]} 41. Kc3 {[%emt 0:00:08]} h5 {[%emt 0:00:01]} 42. Bd7 {[%emt 0:00:07]} R8e7 {[%emt 0:00:02]} 43. Be6 {[%emt 0:00:04]} hxg4 {[%emt 0:00:04]} 44. Rg3 {[%emt 0:00:08]} Nxe6 {[%emt 0:00:03]} 45. dxe6 {[%emt 0:00:01]} R7xe6 {[%emt 0:00:02]} 46. Rdg2 {[%emt 0:00:01]} e3 {[%emt 0:00:03]} 47. Rxg4+ {[%emt 0:00:01]} Kf5 {[%emt 0:00:03]} 48. Rg5+ {[%emt 0:00:01]} Kf4 {[%emt 0:00:01]} 49. Rxe5 {[%emt 0:00:04]} Rxe5 {[%emt 0:00:02]} 50. Re2 {[%emt 0:00:01]} Kf3 {[%emt 0:00:01]} 51. Kd3 {[%emt 0:00:01]} Re7 {[%emt 0:00:01]} 52. Re1 {[%emt 0:00:02]} e2 {[%emt 0:00:01]} 53. a3 {[%emt 0:00:07]} Rd7+ {[%emt 0:00:02]} 54. Kc2 {[%emt 0:00:01]} Kf2 {[%emt 0:00:01]} 55. Rh1 {[%emt 0:00:03]} e1=Q {[%emt 0:00:01]} 56. Rh2+ {[%emt 0:00:01]} Kg3 {[%emt 0:00:01]} 57. Rh3+ {[%emt 0:00:03]} Kxh3 {[%emt 0:00:02] Haris kollari 13 resigns (Lag: Av=0.34s, max=0.5s)} 0-1

[Event "Stay Safe Play From Home 288"]
[Site "Emanuel Lasker Arena"]
[Date "2020.07.08"]
[Round "3"]
[White "Klasman"]
[Black "Mandy"]
[Result "1-0"]
[WhiteElo "1577"]
[BlackElo "969"]
[Annotator "NA"]
[PlyCount "53"]
[EventDate "2020.07.08"]
[EventType "swiss (blitz)"]

1. f4 {[%emt 0:00:04]} c6 {[%emt 0:00:02]} 2. e4 {[%emt 0:00:02]} Nf6 {[%emt 0:00:01]} 3. e5 {[%emt 0:00:05]} Nd5 {[%emt 0:00:11]} 4. d4 {[%emt 0:00:02]} e6 {[%emt 0:00:01]} 5. c4 {[%emt 0:00:01]} Nc7 {[%emt 0:00:12]} 6. Nf3 {[%emt 0:00:04]} d5 {[%emt 0:00:04]} 7. Nc3 {[%emt 0:00:04]} b5 {[%emt 0:00:03]} 8. cxb5 {[%emt 0:00:03]} Bb4 {[%emt 0:00:19]} 9. bxc6 {[%emt 0:00:08]} Nxc6 {[%emt 0:00:06]} 10. Qa4 {[%emt 0:00:17]} Bb7 {[%emt 0:00:14]} 11. Bb5 {[%emt 0:00:15]} O-O {[%emt 0:00:14]} 12. Bxc6 {[%emt 0:00:04]} Bxc3+ {[%emt 0:00:33]} 13. bxc3 {[%emt 0:00:17]} Bxc6 {[%emt 0:00:08]} 14. Qxc6 {[%emt 0:00:02]} Rc8 {[%emt 0:00:02]} 15. O-O {[%emt 0:00:06]} Qe7 {[%emt 0:01:04]} 16. a4 {[%emt 0:00:26]} Rcd8 {[%emt 0:00:05]} 17. Ba3 {[%emt 0:00:06]} Qd7 {[%emt 0:00:05]} 18. Qxd7 {[%emt 0:00:02]} Rxd7 {[%emt 0:00:02]} 19. Bxf8 {[%emt 0:00:02]} Kxf8 {[%emt 0:00:02]} 20. Rab1 {[%emt 0:00:01]} g6 {[%emt 0:00:16]} 21. Rb7 {[%emt 0:00:04]} Ke8 {[%emt 0:00:05]} 22. Rxa7 {[%emt 0:00:02]} f5 {[%emt 0:00:28]} 23. Rb1 {[%emt 0:00:03]} Ke7 {[%emt 0:00:09]} 24. Rbb7 {[%emt 0:00:03]} Ne8 {[%emt 0:00:15]} 25. Rxd7+ {[%emt 0:00:03]} Kf8 {[%emt 0:00:02]} 26. Rxh7 {[%emt 0:00:02]} Kg8 {[%emt 0:00:02]} 27. Ng5 {[%emt 0:00:04] Mandy gibt auf (Lag: Av=0.51s, max=0.7s)} 1-0

[Event "Stay Safe Play From Home 288"]
[Site "Emanuel Lasker Arena"]
[Date "2020.07.08"]
[Round "3"]
[White "W Nelles"]
[Black "Timbre"]
[Result "0-1"]
[WhiteElo "1312"]
[BlackElo "1567"]
[Annotator "NA"]
[PlyCount "92"]
[EventDate "2020.07.08"]
[EventType "swiss (blitz)"]

1. e4 {[%emt 0:00:02]} c6 {[%emt 0:00:24]} 2. d4 {[%emt 0:00:04]} d5 {[%emt 0:00:02]} 3. Nc3 {[%emt 0:00:05]} dxe4 {[%emt 0:00:02]} 4. Nxe4 {[%emt 0:00:02]} Bf5 {[%emt 0:00:02]} 5. Qd3 {[%emt 0:00:06]} Bxe4 {[%emt 0:00:06]} 6. Qxe4 {[%emt 0:00:02]} Nf6 {[%emt 0:00:01]} 7. Qe3 {[%emt 0:00:07]} e6 {[%emt 0:00:02]} 8. Nf3 {[%emt 0:00:05]} Nbd7 {[%emt 0:00:02]} 9. Bc4 {[%emt 0:00:05]} Bd6 {[%emt 0:00:02]} 10. Bd2 {[%emt 0:00:03]} Qc7 {[%emt 0:00:02]} 11. O-O-O {[%emt 0:00:03]} O-O-O {[%emt 0:00:04]} 12. Qe1 {[%emt 0:00:12]} Bf4 {[%emt 0:00:04]} 13. Bxf4 {[%emt 0:00:09]} Qxf4+ {[%emt 0:00:02]} 14. Qd2 {[%emt 0:00:01]} Qc7 {[%emt 0:00:05]} 15. Rhe1 {[%emt 0:00:07]} Kb8 {[%emt 0:00:02]} 16. Qb4 {[%emt 0:00:08]} Rc8 {[%emt 0:00:02]} 17. Ba6 {[%emt 0:00:06]} Nb6 {[%emt 0:00:07]} 18. Bf1 {[%emt 0:00:05]} Rhd8 {[%emt 0:00:06]} 19. Ne5 {[%emt 0:00:03]} Rd5 {[%emt 0:00:07]} 20. c4 {[%emt 0:00:10]} Rdd8 {[%emt 0:00:09]} 21. Kb1 {[%emt 0:00:18]} h6 {[%emt 0:00:08]} 22. Nf3 {[%emt 0:00:17]} Rf8 {[%emt 0:00:04]} 23. Ne5 {[%emt 0:00:14]} Nbd7 {[%emt 0:00:05]} 24. Nxd7+ {[%emt 0:00:16]} Qxd7 {[%emt 0:00:04]} 25. c5 {[%emt 0:00:07]} Nd5 {[%emt 0:00:05]} 26. Qb3 {[%emt 0:00:04]} Qc7 {[%emt 0:00:04]} 27. Bc4 {[%emt 0:00:04]} Rfd8 {[%emt 0:00:03]} 28. g3 {[%emt 0:00:17]} g5 {[%emt 0:00:05]} 29. Re5 {[%emt 0:00:07]} Qe7 {[%emt 0:00:12]} 30. Rde1 {[%emt 0:00:09]} Qf6 {[%emt 0:00:02]} 31. Ka1 {[%emt 0:00:17]} Qxf2 {[%emt 0:00:07]} 32. Bxd5 {[%emt 0:00:06]} Rxd5 {[%emt 0:00:04]} 33. R5e2 {[%emt 0:00:08]} Qxd4 {[%emt 0:00:05]} 34. a3 {[%emt 0:00:16]} Qxc5 {[%emt 0:00:05]} 35. Rc1 {[%emt 0:00:04]} Qd6 {[%emt 0:00:06]} 36. Re4 {[%emt 0:00:13]} Rb5 {[%emt 0:00:11]} 37. Rb4 {[%emt 0:00:02]} Rxb4 {[%emt 0:00:02]} 38. axb4 {[%emt 0:00:02]} a6 {[%emt 0:00:07]} 39. Qf3 {[%emt 0:00:03]} f5 {[%emt 0:00:06]} 40. Rd1 {[%emt 0:00:03]} Qxb4 {[%emt 0:00:06]} 41. Qd3 {[%emt 0:00:02]} Qa4+ {[%emt 0:00:09]} 42. Kb1 {[%emt 0:00:02]} Qa5 {[%emt 0:00:01]} 43. Qd6+ {[%emt 0:00:02]} Ka8 {[%emt 0:00:02]} 44. Qxe6 {[%emt 0:00:02]} f4 {[%emt 0:00:04]} 45. Qxc8+ {[%emt 0:00:01]} Ka7 {[%emt 0:00:02]} 46. Qf8 {[%emt 0:00:02]} fxg3 {[%emt 0:00:02] Zeit (Lag: Av=0.64s, max=1.1s)} 0-1